Plants in saline environments / (Record no. 72655)
[ view plain ]
| 000 -LEADER | |
|---|---|
| fixed length control field | 01044nam a2200325 a 4500 |
| 001 - CONTROL NUMBER | |
| control field | 72655 |
| 003 - CONTROL NUMBER IDENTIFIER | |
| rucl marc code | BD-RjUL |
| 005 - DATE AND TIME OF LATEST TRANSACTION | |
| control field | 20211209082308.0 |
| 008 - FIXED-LENGTH DATA ELEMENTS--GENERAL INFORMATION | |
| fixed length control field | 170522s1975 wb a b 001 0 eng d |
| 020 ## - INTERNATIONAL STANDARD BOOK NUMBER | |
| International Standard Book Number | 0387071938 |
| 035 ## - SYSTEM CONTROL NUMBER | |
| System control number | (BD-RjUL)72873 |
| System control number | 1760655 |
| 040 ## - CATALOGING SOURCE | |
| Original cataloging agency | LC |
| Language of cataloging | eng |
| Transcribing agency | LC |
| Modifying agency | VMOU |
| 041 ## - LANGUAGE CODE | |
| Language code of text/sound track or separate title | eng |
| 082 04 - DEWEY DECIMAL CLASSIFICATION NUMBER | |
| Edition number | 23 |
| Classification number | 570 |
| Author mark and year | PLA 1975 |
| 245 10 - TITLE STATEMENT | |
| Title | Plants in saline environments / |
| Statement of responsibility, etc. | edited by A. Poljakoff-Mayber and J. Gale |
| 260 ## - PUBLICATION, DISTRIBUTION, ETC. (IMPRINT) | |
| Place of publication, distribution, etc. | Berlin ; |
| -- | New York : |
| Name of publisher, distributor, etc. | Springer-Verlag, |
| Date of publication, distribution, etc. | 1975. |
| 300 ## - PHYSICAL DESCRIPTION | |
| Pagination | 213 p. : |
| Illustrations | ill. ; |
| Size | 25 cm. |
| 504 ## - BIBLIOGRAPHY, ETC. NOTE | |
| Bibliography, etc | Includes bibliographies and indexes. |
| 650 #0 - SUBJECT ADDED ENTRY--TOPICAL TERM | |
| Topical term or geographic name as entry element | Halophytes. |
| 9 (RLIN) | 214906 |
| Topical term or geographic name as entry element | Plants |
| General subdivision | Effect of salts on. |
| 9 (RLIN) | 214907 |
| Topical term or geographic name as entry element | Soils, Salts in. |
| 9 (RLIN) | 166023 |
| Topical term or geographic name as entry element | Saline irrigation. |
| 9 (RLIN) | 214908 |
| Topical term or geographic name as entry element | Salinity. |
| 9 (RLIN) | 214909 |
| 700 1# - ADDED ENTRY--PERSONAL NAME | |
| Personal name | Poljakoff-Mayber, A. |
| Fuller form of name | (Alexandra), |
| Relator term | joint author. |
| Personal name | Gale, J. |
| Fuller form of name | (Joseph), |
| Dates associated with a name | 1931-, |
| Relator term | joint author. |
| 942 ## - ADDED ENTRY ELEMENTS (KOHA) | |
| Source of classification or shelving scheme | Dewey Decimal Classification |
| Koha item type | Books |
| Lost status | Source of classification or shelving scheme | Damaged status | Not for loan | Collection code | Permanent Location | Current Location | Shelving location | Date acquired | Source of acquisition | Cost, normal purchase price | Total Checkouts | Full call number | Date last seen | Copy number | Koha item type |
|---|---|---|---|---|---|---|---|---|---|---|---|---|---|---|---|
| Dewey Decimal Classification | Not For Loan | Non-fiction | Central Library, University of Rajshahi | Central Library, University of Rajshahi | Reading Room | 19/04/1977 | W. Heffer and sons. | 14.75 | 570 PLA 1975 | 22/05/2017 | C-1 | Books | |||
| Dewey Decimal Classification | Non-fiction | Central Library, University of Rajshahi | Central Library, University of Rajshahi | 14/06/1977 | W. Heffer and sons | 570 PLA 1975 | 22/05/2017 | C-2 | Books |